01913nam a22002177a 450000500170000000800410001702000180005804000070007604100120008308200200009510000230011524500430013826000440018130000260022536500600025152011490031165000220146094200120148299900190149495201820151320260116162443.0260116b |||||||| |||| 00| 0 eng d a9789373070100 cAL aEnglish a791.43092bBASS aMohar Basu9251531 aSalman Khanb: The sultan of bollywood aHaryanabHarper collins pubishersc2026 a307 p.bPBc23x15 cm. aKSCR-000703b₹479.00c₹d₹599.00e20%f13-01-2026 aHE BREAKS RULES, HEARTS AND RECORDS SALMAN KHAN: THE MAN, THE MYTH, THE MEGASTAR As Prem, the nation's first love; as Radhe, the rebel with a cause; as Tiger, the action king who redefined machismo for a new India, Salman Khan is the only Bollywood superstar who has ruled romance, comedy and action in Hindi films with equal ease and style. While critics share the perfect love-hate relationship with him, for his fans--who flock to theatres with every new release, their loyalty unquestionable, their excitement unbridled--nothing can match the anticipation of a new film starring Salman Khan. With his signature swagger, magnetic charm and larger-than-life persona, everyone is fascinated with the actor. Packed with fan interviews, never-before-seen photos and insights from long-time collaborators of the star, Salman Khan: The Sultan of Bollywood is an ode to the actor who has made an impact on pop culture like no other. Through controversies and comebacks, blockbusters and hard-learnt lessons of life, Salman has remained cinema's wild heart and its last true mystery--perhaps the only superstar of his kind that India will ever see. abiography9251514 2ddccBK c240757d240757 00102ddc40708SOCaALbALcSKd2026-01-14eNavakarnataka Publications Pvt Ltd Mangaluru-575001g479.00l0o791.43092 BASSp078037r2026-01-16 15:30:05v599.00w2026-01-13yBK